| 000 | 00541 a2200169 4500 | ||
|---|---|---|---|
| 999 |
_c7235 _d7235 |
||
| 020 | _a9780500290217 | ||
| 050 | _aCC165 REN46 2012 | ||
| 100 |
_aRenfrew, Collin _eauthor |
||
| 245 |
_aArchaeology: _bTheories, Methods and Practice. _cColin Renfrew and Paul Bahn |
||
| 250 | _aSixth edition | ||
| 264 |
_aLondon _bThames and Hudson _c2012 |
||
| 300 |
_a656 _bill (col). |
||
| 500 | _aIncludes glossary, notes, bibliography and index | ||
| 650 | _aArchaeology | ||
| 700 |
_aPaul Bahn _eauthor |
||
| 942 |
_2lcc _cBK _eSixth edition _h165.R46 _iREN _kCC |
||